000 00282nam a2200133Ia 4500
003 Ost
005 20260225132547.0
008 260225s9999||||xx |||||||||||||| ||und||
040 _cfsic
041 _afre
082 _a440
245 0 _aMethodologie ensemble de /
942 _cكتاب
999 _c33920
_d33920